| 000 | 01125 a2200349 4500 | ||
|---|---|---|---|
| 999 |
_c10947 _d11534 |
||
| 001 | 10947 | ||
| 003 | TR-AnTOB | ||
| 005 | 20230413160456.0 | ||
| 008 | 160810s2001 nju 000 0 d | ||
| 010 | _a00709439 | ||
| 020 | _a0130163945 (alk. paper) | ||
| 040 |
_aDLC _cDLC _dDLC _beng _erda |
||
| 041 | 0 | _aeng | |
| 050 | 0 | 0 |
_aTK7816 _b.F56 2001 |
| 090 | _aTK7816.F56 2001 | ||
| 100 | 1 |
_aFloyd, Thomas L. _eauthor _92084 |
|
| 245 | 0 |
_aElectric circuits fundamentals / _cThomas L. Floyd. |
|
| 250 | _aFifth edition | ||
| 264 | 1 |
_aUpper Saddle River, N.J. : _bPrentice Hall, _c2001. |
|
| 300 |
_axviii, 731 pages : _bcolor illustrations ; _c29 cm. + _e1 CD-ROM (4 3/4 in.). |
||
| 336 |
_2rdacontent _atext _btxt |
||
| 337 |
_2rdamedia _aunmediated _bn |
||
| 338 |
_2rdacarrier _avolume _bnc |
||
| 500 | _aIncludes index. | ||
| 650 |
_aElectric circuits _92095 |
||
| 650 |
_aElectronic circuits _9138 |
||
| 901 | _gTK7816 .F57 2001 | ||
| 906 |
_a7 _bcbc _corigcop _d2 _encip _f20 _gy-gencatlg |
||
| 942 |
_cBK _2lcc |
||